00798nam a2200217 a 4500001001000000003000900010005001700019007000300036008004100039040002500080082001500105245008700120260006100207300001800268590002700286700005100313910001400364942001400378952017100392999001700563000032901DO-SdBNP20240422104515.0ta110801s1960 cu a 000 0 spa d aDO-SdBNPbspacBNPHU a928bH519i00aIdeario de Federico Henríquez I Carvajal /crecopilado por Alberto Baeza Flores. aSantiago de Cuba, Cuba :bUniversidad de Oriente,c1960. a307 ;c23 cm. aInventariado, 2022/ YL12aBaeza Flores, Alberto,d1914-1998ecomp.97565 aYLockward 2ddccLBS1 00102ddc51708PD-RVaBNPHUbBNPHUcCTd2011-08-01iLF1oxxxx I19fp32901-10r2020-06-25w2020-06-25yLBS1zPerteneció a la biblioteca personal de Martínez Boog c32392d32392